Bosque Modelo Chiloé, 5 años de minga: 1998-2002
محفوظ في:
| التنسيق: | كتاب |
|---|---|
| اللغة: | الإسبانية |
| منشور في: |
Ancud
Bosque Modelo Chiloé
2003
|
| الموضوعات: | |
| الوسوم: |
إضافة وسم
لا توجد وسوم, كن أول من يضع وسما على هذه التسجيلة!
|
MARC
| LEADER | 00000nam a2200000 a 4500 | ||
|---|---|---|---|
| 001 | UCL9899 | ||
| 003 | CL-VaPUC | ||
| 008 | 040903e20030000cl |||||||||||||||||spa|d | ||
| 082 | 0 | 4 | |a 338.4791 |b BOS |2 21 |
| 245 | 1 | 0 | |a Bosque Modelo Chiloé, 5 años de minga: 1998-2002 |
| 300 | |a 67 p | ||
| 942 | |c BK | ||
| 945 | |d 20040903 00:00:00 |a cmena | ||
| 260 | |a Ancud |b Bosque Modelo Chiloé |c 2003 | ||
| 650 | 0 | |a Agroturismo |9 467788 | |
| 650 | 0 | |a Zonas rurales |9 317366 | |
| 650 | 0 | |a Bosques |9 269804 | |
| 650 | 0 | |a Medio ambiente natural |9 338575 | |
| 651 | 0 | |a Chiloé |9 265209 | |
| 651 | 7 | |a REGION DE LOS LAGOS |2 CL-VaPUC |9 487806 | |
| 583 | |a last modification |c 20171005 12:20:27 |k Rodrigo Vera | ||
| 999 | |c 310516 |d 310514 | ||
| 952 | |0 0 |1 0 |4 0 |6 338_479100000000000_BOS_2003 |7 0 |8 A |9 379078 |a BIBAGR |b BIBAGR |d 2019-11-21 |i 4057139 |o 338.4791 BOS 2003 |p 4057139 |r 2025-01-20 |w 2019-11-21 |y BK |k AGR | ||